Województwa historycznego Podlasia - Statystyki

Ogólne statystyki
  • Ten quiz został rozwiązany 11 razy
  • Średni wynik to 3 z 3
Statystyki odpowiedzi
Województwo % % Poprawnych
podlaskie 38.3%
100%
lubelskie 2.1%
90%
mazowieckie 8%
80%
Nie znaleziono quizów pasujących do podanych kryteriów
Rozkład punktacji
Procent ludzi z każdym wynikiem
Percentyl według liczby udzielonych odpowiedzi
Twoja historia wyników
Nie rozwiązałeś tego quizu